| 000 | 00406nam a2200169Ia 4500 | ||
|---|---|---|---|
| 008 | 230524s9999 xx 000 0 und d | ||
| 020 | _a978125906551 | ||
| 082 |
_a620.136 _bGAM |
||
| 100 | _aM L Gambhir | ||
| 245 | 0 | _aConcrete Technology Theory and Practice | |
| 250 | _a5 | ||
| 260 |
_aNew Delhi _bMGH |
||
| 300 | _a"XIII,763p;" | ||
| 500 | _aQuantity Number: 10 | ||
| 650 | _acivil | ||
| 942 | _cBK | ||
| 999 |
_c58847 _d58847 |
||